Kraj VS Kraj: Irlandia czy Islandia? - Statystyki

Ogólne statystyki
  • Ten quiz został rozwiązany 56 razy
  • Średni wynik to 9 z 12
Statystyki odpowiedzi
Zagadnienie Odpowiedź % Poprawnych
Ma lądowego sąsiada: Irlandia
100%
Jest bliżej stałego kontynentu: Irlandia
100%
Narodowym kolorem nawiązującym do łąk i trawiastego krajobrazu jest zieleń: Irlandia
100%
Ma taką nazwę jak główna wyspa, na której jest położone: Irlandia i Islandia
100%
Nie ma wojska: Islandia
100%
Miało kolonie w Afryce: żadne
100%
Język narodowy pochodzi z rodziny języków celtyckich: Irlandia
75%
Ma poniżej 5 mln mieszkańców: Islandia
50%
Święto swojego patrona obchodzi 31 grudnia: żadne
50%
Nie występują tu żadne pasma górskie: żadne
50%
Posiada na swoim herbie mityczne stworzenia: Islandia
25%
Jest członkiem NATO: Islandia
25%
Nie znaleziono quizów pasujących do podanych kryteriów
Rozkład punktacji
Procent ludzi z każdym wynikiem
Percentyl według liczby udzielonych odpowiedzi
Twoja historia wyników
Nie rozwiązałeś tego quizu